Missing Word: Jeopardy! Quiz Stats

Quiz Updated Oct 10, 2016

Challenge
Share
Tweet
Embed
Score 0/16 Timer 03:00
2 Plays Today
Clue Missing Word % Correct
____ JeopardyDouble
93.6%
White Men Can't ____Jump
93.5%
____ JeopardyFinal
90%
Alex ____Trebek
89.8%
____ DoubleDaily
85.2%
Merv ____Griffin
84.9%
Potent _____Potables
74.2%
Jeopardy! ____ of ChampionsTournament
73.5%
Clue Missing Word % Correct
____ JenningsKen
71.4%
I ____ on JeopardyLost
60.9%
____ PardoDon
59.3%
____ Rockefeller Plaza30
55%
Cliff ____Clavin
51.7%
The Jeopardy! Clue ____Crew
43.8%
____ Pictures StudiosSony
38.9%
____ FlemingArt
37.3%

Today's Daily Dose

You're not logged in!

Compare scores with friends on all Sporcle quizzes.
Join for Free
OR
Log In

You Might Also Like...

Show Comments

Extras

Top Quizzes Today


Score Distribution

Your Account Isn't Verified!

In order to create a playlist on Sporcle, you need to verify the email address you used during registration. Go to your Sporcle Settings to finish the process.

Report this User

Report this user for behavior that violates our Community Guidelines.

Details: